|
|
|
|
| LEADER |
00000cam a2200000 7i4500 |
| 001 |
0000023787 |
| 005 |
20151222.0 |
| 008 |
081029 |
| 020 |
|
|
|a 9676113247
|
| 090 |
0 |
0 |
|a JF
|b MAL
|
| 100 |
0 |
|
|a Zulkifli Mansor
|
| 245 |
1 |
0 |
|a Misteri di hutan Sarawak
|c Zulkifli Mansor
|
| 260 |
|
|
|a Kuala Lumpur :
|b Arus Intelek ,
|c 2007
|
| 440 |
|
|
|a Siri pengembaraan kaji purba
|
| 500 |
|
|
|a Children ages 10-12 years old (pink)
|
| 650 |
|
0 |
|a Malay fiction
|
| 999 |
|
|
|a 0000911121
|b Book
|c Children Collection
|e Cawangan Bandar Tenggara
|
| 999 |
|
|
|a 0000942032
|b Book
|c Children Collection
|e Cawangan Taman Sri Lambak
|
| 999 |
|
|
|a 0001029248
|b Book
|c Children Collection
|e Perbadanan Perpustakaan Awam Johor
|
| 999 |
|
|
|a 000911121
|b Book
|c Teenagers
|e Cawangan Bandar Tenggara
|
| 999 |
|
|
|a 000911122
|b Book
|c Teenagers
|e Cawangan Bandar Tenggara
|
| 999 |
|
|
|a 000911123
|b Book
|c Teenagers
|e Cawangan Bandar Tenggara
|